01017cam a22002891 4500001001300000003000400013005001700017008004100034010001700075035002000092040004100112042001200153050003000165082001400195110004000209245010500249260004800354300002700402490004900429500004800478650002700526650002500553650003600578740003200614830006400646999001700710e 41000020 DLC20260227111229.0881109s1941 kyu s100 0 eng c ae 41000020  a(OCoLC)18726324 aU.S. Off. of Educ. LibrarycMsUdDLC apremarc00aL152b.B35 vol. 8, no. 12 a370.637691 aKentucky.bDepartment of Education.10aProblems in the improvement of instruction: a summary of conferences held Nov. 12, 13, 14, 15, 1940. aFrankfort, Ky.,bDept. of Education,c1941. a[1051]-1073 p.c23 cm.1 aIts Educational bulletin,vvol. VIII, no. 12 aAt head of title: Commonwealth of Kentucky. 0aEducationvCongresses. 0aEducationzKentucky. 0aEducationxAims and objectives.0 aImprovement of instruction. 0aEducational bulletin (Frankfort, Ky.) ;vvol. VIII, no. 12. c21781d21781